000 00827nmm a2200265 a 4500
001 ocm0001232019
003 TR-IsHL
005 20201028155729.0
008 150709s2006 tu tur
007 cr cn
020 _a9789758809745
035 _a1232019
_b(N$T)
050 0 4 _aPL248.A928
_bG59 2006
090 0 4 _aPL248.A928
_bG59 2006
100 1 _aAyan, Serhat
245 1 0 _aGizli kadınlar örgütü
_h[electronic resource] /
_cSerhat Ayan
260 _aİstanbul :
_bYakamoz Kitap,
_c2006
300 _a331 p.
650 4 _aDil ve Edebiyat
650 4 _aLanguage and Literature
650 0 _aTürk romanı
650 0 _aTurkish fiction
650 7 _aLITERARY COLLECTIONS / Middle Eastern
_2bisacsh
856 4 0 _uhttp://search.ebscohost.com/login.aspx?direct=true&scope=site&db=e011xww&AN=1232019
999 _c13235
_d13235